[Event "LSS ZN-2009-0-00818"]
[Site "LSS email"]
[Date "2009.12.02"]
[Round "?"]
[White "Bate, Clyde"]
[Black "Reed, James A"]
[Result "0-1"]
[WhiteElo "800"]
[BlackElo "599"]
[PlyCount "32"]
[EventDate "2009.11.30"]
[EventType "match (corr)"]
[EventRounds "2"]
[EventCountry "GER"]
[SourceTitle "Corr 2015"]
[Source "ChessBase"]
[SourceDate "2015.07.17"]
[SourceVersion "1"]
[SourceVersionDate "2015.07.17"]
[SourceQuality "1"]

1. d4 Nf6 2. c4 e6 3. e3 d5 4. Bd3 c5 5. Nf3 Nc6 6. 0-0 h6 7. Nc3 Bd6 8. dxc5 Bxc5 9. Bd2 a6 10. a3 0-0 11. b4 Bb6 12. e4 dxe4 13. Bxe4 Nxe4 14. Nxe4 Nd4 15. Nxd4 Qxd4 16. Bc3 Qxe4 0-1

[Event "LSS ZN-2009-0-00815"]
[Site "LSS email"]
[Date "2009.12.01"]
[Round "?"]
[White "Bate, Clyde"]
[Black "Jokmin, Guido"]
[Result "0-1"]
[WhiteElo "800"]
[BlackElo "694"]
[PlyCount "40"]
[EventDate "2009.11.29"]
[EventType "match (corr)"]
[EventRounds "2"]
[EventCountry "GER"]
[SourceTitle "Telechess CBM 137"]
[Source "ChessBase"]
[SourceDate "2010.07.15"]
[SourceVersion "1"]
[SourceVersionDate "2010.07.15"]
[SourceQuality "1"]

1. d4 d5 2. c4 dxc4 3. e3 e6 4. Bxc4 Nf6 5. Nf3 Nc6 6. 0-0 a6 7. Ng5 b5 8. Bb3 Bb7 9. Nc3 Na5 10. Bc2 Be7 11. e4 0-0 12. e5 Nd5 13. Be4 Bxg5 14. Qe1 Bxc1 15. Rxc1 Nf4 16. Qe3 Bxe4 17. Rcd1 Bxg2 18. Rfe1 Qg5 19. Ne4 Bxe4+ 20. Kf1 Qg2# 0-1

[Event "LSS ZN-2009-0-00815"]
[Site "LSS email"]
[Date "2009.12.01"]
[Round "?"]
[White "Jokmin, Guido"]
[Black "Bate, Clyde"]
[Result "1-0"]
[WhiteElo "571"]
[BlackElo "800"]
[PlyCount "23"]
[EventDate "2009.11.29"]
[EventType "match (corr)"]
[EventRounds "2"]
[EventCountry "GER"]
[SourceTitle "Corr 2015"]
[Source "ChessBase"]
[SourceDate "2015.07.17"]
[SourceVersion "1"]
[SourceVersionDate "2015.07.17"]
[SourceQuality "1"]

1. e4 e5 2. Nf3 Bc5 3. b4 Bxb4 4. c3 Bc5 5. d4 Bb6 6. Nxe5 Nf6 7. Ba3 Nxe4 8. Nxf7 Kxf7 9. Bc4+ Ke8 10. Qh5+ g6 11. Qe5+ Qe7 12. Qxe7# 1-0

[Event "IECG TG-2009-0-15917"]
[Site "IECG email"]
[Date "2009.03.08"]
[Round "2"]
[White "Bate, Clyde"]
[Black "Cuaycong, Virgilio"]
[Result "0-1"]
[WhiteElo "800"]
[BlackElo "1150"]
[PlyCount "22"]
[EventDate "2009.03.08"]
[EventType "tourn (corr)"]
[EventRounds "6"]
[SourceTitle "Corr 2024"]
[Source "ChessBase"]
[SourceDate "2023.10.19"]
[SourceVersion "1"]
[SourceVersionDate "2023.10.19"]
[SourceQuality "1"]

1. d4 Nf6 2. c4 e6 3. e3 Bb4+ 4. Nc3 0-0 5. Nf3 d5 6. a3 Bxc3+ 7. bxc3 Ne4 8. Qc2 Nd7 9. cxd5 exd5 10. c4 Ndf6 11. Bd3 Bf5 0-1

[Event "IECG TG-2008-0-15896"]
[Site "IECG email"]
[Date "2008.??.??"]
[Round "1"]
[White "Bate, Clyde"]
[Black "Breckenridge, Steve"]
[Result "0-1"]
[WhiteElo "800"]
[BlackElo "963"]
[PlyCount "21"]
[EventDate "2008.12.09"]
[EventType "tourn (corr)"]
[EventRounds "6"]
[SourceTitle "Corr 2024"]
[Source "ChessBase"]
[SourceDate "2023.10.19"]
[SourceVersion "1"]
[SourceVersionDate "2023.10.19"]
[SourceQuality "1"]

1. d4 d5 2. c4 Nc6 3. e3 e5 4. Bd3 exd4 5. exd4 Nxd4 6. Be3 Nc6 7. Nf3 dxc4 8. Bxc4 Qxd1+ 9. Kxd1 Nf6 10. Nc3 h6 11. Rc1 0-1

[Event "IECG TG-2009-0-15931"]
[Site "IECG email"]
[Date "5.??.??"]
[Round "1"]
[White "Bate, Clyde"]
[Black "Tobey, Al E"]
[Result "0-1"]
[WhiteElo "800"]
[BlackElo "674"]
[PlyCount "54"]
[EventDate "2009.05.11"]
[EventType "tourn (corr)"]
[EventRounds "6"]
[SourceTitle "Corr 2024"]
[Source "ChessBase"]
[SourceDate "2023.10.19"]
[SourceVersion "1"]
[SourceVersionDate "2023.10.19"]
[SourceQuality "1"]

1. d4 d5 2. c4 Nf6 3. e3 e6 4. Nf3 Nc6 5. Nc3 Bb4 6. a3 Bxc3+ 7. bxc3 0-0 8. cxd5 exd5 9. Bd3 Bg4 10. h3 Bh5 11. 0-0 a5 12. g4 Bg6 13. Bb5 Na7 14. Bd3 c6 15. Bxg6 fxg6 16. Qd3 Ne4 17. c4 Rxf3 18. Kg2 Rf8 19. f3 Ng5 20. Rb1 Rb8 21. c5 Qe7 22. a4 Nc8 23. Bd2 Qc7 24. h4 Ne6 25. h5 gxh5 26. gxh5 Ng5 27. Kf2 Ne4+ 0-1